Personnage The Rookie - Statistics

General Stats
  • This quiz has been taken 256 times
  • The average score is 31 of 70
Answer Stats
Indice Answer % Correct
1 John Nolan
100%
2 Lucy Chen
99%
3 Tim Bradford
99%
4 Angela Lopez
95%
5 Nyla Harper
95%
10 Jackson West
94%
7 Wade Grey
89%
6 Wesley Evers
89%
8 Bailey Nune
84%
13 Celina Juarez
81%
20 Smitty
80%
11 Aaron Thorsen
76%
25 James Murray
76%
19 Oscar Hutchinson
73%
12 Tamara Colins
73%
14 Rosalind Dyer
72%
9 Talia Bishop
71%
18 Elijah Stone
67%
17 Zoe Andersen
66%
15 Monica Stevens
65%
30 Henry Nolan
64%
46 Luna Grey
63%
28 Isabel Bradford
62%
23 Grace Sawyer
59%
22 Jessica Russo
57%
16 Seth Ridley
53%
27 Doug Stanton
48%
52 La fierra
48%
36 Miles Penn
48%
21 Nick Armstrong
48%
35 Pete Nolan
48%
24 Jason Wyler
44%
50 Donovan Town
43%
51 Caleb
40%
40 Rachel Hall
40%
38 Chris Sanford
39%
33 Percy West
38%
57 Randy
38%
26 Blair London
37%
29 Abigail
36%
39 Ben Mcree
33%
47 Sean Del monte
32%
49 Fiona Ryan
31%
48 Lila town
30%
66 Kojo
29%
41 Ashley Mcgrady
28%
32 Nell Forester
24%
45 Emmett Lang
21%
31 Kevin Wolfe
21%
62 Dominique Grey
20%
34 Ellroy Basso
20%
37 Sterling Freeman
18%
58 Rodge
17%
59 Simone
17%
56 Chastity
15%
65 Dim
15%
55 Patrice Evers
15%
54 Silas March
13%
64 Juicy
12%
63 Keith Graham
11%
53 Gino Brown
10%
70 Katie Barnes
10%
61 Matthew Garza
10%
44 Gennifer Bradford
9%
43 Malvado
9%
60 Charlie
7%
69 Larry Macer
7%
68 Patrick
7%
67 Yvonne Thorsen
7%
42 Jerry Mcgrady
6%
No matching quizzes found
Score Distribution
Percent of People with Each Score
Percentile by Number Answered
Your Score History
You have not taken this quiz